000 00974nam a2200229 a 4500
001 000025153
005 20200930023606.0
008 110210s1997 sp ab r 000 0 spa d
020 _a9284402123
040 _aDO-SdBNP
_bspa
_cBNPHU
041 1 7 _aspa
_2eng
041 1 7 _aspa
_2fre
082 _axxxx
_bS471o
111 1 _aSeminario sobre la fiscalidad del turismo
_d(1997 enero. 27-28 :
_cMadrid, España)
_951584
245 1 0 _aSeminario sobre fiscalía del turismo :
_bponencias /.
260 _aMadrid :
_bOrganización Mundial del Turismo,
_c1997.
300 _av. p. :
_bil., mapas. ;
_c29 cm.
500 _aEn la portada: Una publicación de los miembros afiliados de la OMT. A wto affiliate members publication. Une publication des membres affilies de l´OMT.
711 2 _aSeminar on tourism taxation
_d(1997 jan. 27-28 :
_cMadrid, Spain)
_951585
711 2 _aSéminaire sur la fiscalité du tourisme
_d(1997 janvier 27-28 :
_cMadrid, Espagne)
_951586
049 _aBNGR
999 _c24646
_d24646